00341cam a22000977a 4500008004000000082001800040245010700058260003500165300001000200700003300210180718b1960 xxu||||| |||| 00| 0 eng d aP1108x54 In2p aReport of the first National Seminar: education Of Primary Teachers in Indiacby Ministry of Education aNew DelhibVigyan Bhawanc1960 a262p. aIndia. Ministry of Education